01823 2200289 4500001002100000005001500021035002000036007000300056008004100059020002200100082001100122084002000133100003600153245014700189250002400336300004400360650002100404700004000425520088700465264002501352336002101377337003001398338002301428740005001451990001601501990001601517INLIS00000000116583920251010105301 a0010-1025000033ta251010 e 0 ind  a978-979-039-363-9 a2X6.12 aSR 2X6.12 FUR d0 aAl Furih, Mazin bin Abdul Karim1 aDi rumah kita ada masalah /cMazin bin Abdul Karim Al Furih; penerjemah, Tengku Azhar El Muhairy, Fauziah Nur Farida; penyunting, Ferry Irawan aCetakan I, Mei 2016 aviii, 156 halaman :bilustrasi ;c23 cm 4aKeluarga (Islam)0 aTengku Azhar El Muhairyepenerjemah aIslam memiliki perhatian besar terhadap keluarga sebab menjadi fondasi dalam membangun umatnya. la juga merupakan madrasah keimanan dalam melahirkan generasi yang akan datang. Ketika ikatannya tercerai-berai dan tiang-tiangnya guncang, tentu akan berpengaruh pada produktivitas umat dan kemampuannya menjadi rahmat bagi semesta alam. Buku ini ditulis sebagai bentuk keseriusan dalam rangka menjaga keutuhan dan keselamatan keluarga muslim. Di dalamnya, penulis mengingatkan berbagai kesalahan suami yang secara bertahap dan signifikan bisa menghancurkan biduk rumah tangga, seperti: tidak mengajarkan agama dengan baik, suka mencari-cari kesalahan dan menyebarluaskannya, menzalimi istri dan bersikap kasar, kikir dalam nafkah, enggan membantu dalam sebagian pekerjaan rumah tangga, serta memandang 'enteng' persoalan cerai dan poligami. Semuanya dikupas disertai terapi solusinya. aSolo :bAqwam,c2016 2rdacontentateks 2rdamediaatanpa perantara 2rdacarrieravolume ausrah bila masyakil dan fi baitinal musykilah a56157.66977 a56157.66977